France A - Z by Images - Statistics

General Stats
  • This quiz has been taken 32 times
  • The average score is 9 of 25
Answer Stats
Picture Answer % Correct
Emmanuel Macron
93%
Notre Dame Cathedral
90%
Marie Antoinette
87%
Dunkirk
80%
Thierry Henry
77%
Zinedine Zidane
77%
Ile-de-France
73%
Avignon
67%
Lyon
60%
Seine
53%
Bouillabaisse
43%
Hermes
40%
Profiteroles
37%
Garonne
17%
Omaha Beach
13%
Chateau de Chambord
7%
Quiberon
3%
Vosges
3%
Francois Jacob
0%
Jade Coast
0%
Kig ha farz
0%
Reunion National Park
0%
Uzerche
0%
Wimereux
0%
Yffiniac
0%
No matching quizzes found
Score Distribution
Percent of People with Each Score
Percentile by Number Answered
Your Score History
You have not taken this quiz